| 000 | 00631nam a2200229 a 4500 | ||
|---|---|---|---|
| 001 | BRCA_4028 | ||
| 005 | 20190320204522.0 | ||
| 008 | 050210s1935----enk#######---#000-0#eng-# | ||
| 041 | _aeng | ||
| 044 | _aenk | ||
| 050 | 4 |
_aF1233 _b.D38 1935 |
|
| 100 | 1 |
_aDawson, Daniel _910467 |
|
| 245 | 1 | 0 |
_aThe Mexican adventure _cDaniel Dawson. |
| 260 |
_aLondon _cG. Bell _e1935 |
||
| 300 |
_aVII, 433 p. _c23 cm. |
||
| 500 | _aIncluye apéndice e índice alfabético | ||
| 500 | _aC113 | ||
| 504 | _aBibliografía: 419-421 | ||
| 651 | 4 |
_aMéxico _xHistoria _yIntervención francesa, 1861-1867 _910468 |
|
| 902 | _aGFM | ||
| 942 |
_2lcc _cB |
||
| 999 |
_c3752 _d3752 |
||